000 00928nam a2200193 i 4500
001 184599
003 ES-MaACL
005 20250815025707.0
008 151027m18901897sp |||| | spa d
245 0 0 _aDe los documentos legislativos.
260 _aMadrid :
_b[s.n.],
_c1890-1897 (
_fSucesores de Rivadeneyra)
300 _a3 v. ;
_c23 cm.
490 1 _aColección de documentos inéditos relativos al descubrimiento, conquista y organización de las antiguas posesiones españolas de Ultramar. Segunda serie / publicada de la Real Academia de la Historia ;
_v5, 9-10
710 2 _aReal Academia de la Historia (España)
_96309
830 0 0 _aColección de documentos inéditos relativos al descubrimiento, conquista y organización de las antiguas posesiones de Ultramar
_v5, 9-10
_9241781
852 _aES-MaACL
_jC-1966
_z.- Vol. 5
852 _aES-MaACL
_jC-1970-71
_z.- Vol. 9-10
999 _c184599
_d184599